000 00596nam a2200181Ia 4500
008 100920s9999 xx 000 0 und d
082 _b95269
_a891.464 न 06
100 _aबोरूडे संजय.
245 _aआत्मा फिक्सिंग.
260 _bप्राजक्त प्रकाशन, पुणे.
_c2006
300 _a152
_bसाधी
365 _b140
520 _aनिबंध.
630 _aआत्मा फिक्सिंग.
650 _aनिबंध.
730 _aआत्मा फिक्सिंग.
942 _cBOOK
999 _c735711
_d735708